ბათუმის შოთა რუსთაველის სახელმწიფო უნივერსიტეტის ბიბლიოთეკა

კომპიუტერული ტექნოლოგიები : (ლექციები და პრაქტიკული სამუშაოები საფაკულტეტო სწავლებისათვის) : (ბიბ.ჩანაწერი № 39780)

000 -ლიდერი
ფიქსირებული სიგრძის საკონტროლო ველი 01262nam a2200193Ia 4500
001 - საკონტროლო ნომერი
საკონტროლო ველი 6385
003 - საკონტროლო ნომრის იდენტიფიკატორი
საკონტროლო ველი GE_BSU
005 - ბოლო ოპერაციის თარიღი და დრო
საკონტროლო ველი 20211208135458.0
008 - ფიქსირებული სიგრძის მონაცემთა ელემენტები - ზოგადი ინფორმაცია
ფიქსირებული სიგრძის საკონტროლო ველი 181216s2008||||ge |||||||||||||| ||geo||
040 ## - კატალოგიზაციის წყარო
Transcribing agency GE_BSU
041 ## - ენის კოდი
Language code of text/sound track or separate title geo
080 ## - უნივერსალური ათობითი კლასიფიკაციის ინდექსი
Universal Decimal Classification number 004.9(075.8) ს-96
100 ## - მთავარი ჩანაწერი - პიროვნების სახელი
Personal name სურმანიძე, ზ.
9 (RLIN) 1142
245 ## - ცნობა სათაურის შესახებ
Title კომპიუტერული ტექნოლოგიები : (ლექციები და პრაქტიკული სამუშაოები საფაკულტეტო სწავლებისათვის) :
Remainder of title მონაცემი,ფაილი,ფოლდერი. პერსონალური კომპიუტერის ტექნიკური ნაწილი.გამოთვლ.ტექნ.განვით.ქრონოლოგია. სისტემური ბლოკი,მონიტორი,მაუსი,დამატ.მოწყობილ.პერსონ. კომპიუტ.პროგრ. /
Statement of responsibility, etc ზ. სურმანიძე.
264 ## - წარმოების, გამოცემის, დისტრიბუციის და სხვა ცნობები
გამოცემის, წარმოების, დისტრიბუციის... ადგილი ბათუმი,
გამოცემის, წარმოების, დისტრიბუციის... თარიღი 2008.
300 ## - ფიზიკური აღწერა
Extent 194 გვ.;
Other physical details 20 სმ.
653 ## - INDEX TERM--UNCONTROLLED
Uncontrolled term კომპიუტერული ტექნოლოგიები
942 ## - ADDED ENTRY ELEMENTS (KOHA)
Koha item type წიგნი
Source of classification or shelving scheme
ეგზემპლარები
ჩამოწერის სტატუსი დაკარგული ეგზემპლარის სტატუსი კლასიფიკაციის წყარო ან თაროზე გაწყობის სქემა დაზიანების სტატუსი არ გაიცემა მუდმივი მდებარეობა (დაცვის ადგილი) ამჟამინდელი ადგილსამყოფელი თაროზე განთავსების ადგილი შეძენის თარიღი სრული შენახვის შიფრი შტრიხკოდი ბოლო ოპერაციის თარიღი ეგზემპლარის მიმდევრობითი ნომერი (კეტერი?) ფასის ძალაში შესვლის თარიღი ეგზემპლარის სახეობა
          ბათუმის შოთა რუსთაველის სახელმწიფო უნივერსიტეტის მთავარი ბიბლიოთეკა ბათუმის შოთა რუსთაველის სახელმწიფო უნივერსიტეტის მთავარი ბიბლიოთეკა წიგნსაცავი 2018-12-17 004.9(075.8) ს-96 893 2018-12-17 893 2018-12-17 წიგნი